000 00289nam a22001337a 4500
008 170913b xxu||||| |||| 00| 0 eng d
020 _a9780030237980
041 _aeng
080 _25TH
_a53
100 _a43
101 _aFIZ
245 _aCOLELGE PHYSICS
_cSERWAY,R.A
942 _2udc
_cBK
999 _c27436
_d27436